| 000 | 00821nam a2200181Ia 4500 | ||
|---|---|---|---|
| 008 | 151202s9999||||xx |||||||||||||| ||und|| | ||
| 082 | _bPNVM-68568 | ||
| 100 | _aमहाजन सुलक्षणा. | ||
| 245 | _aजडणघडण पहिल्या ‘ ग्लोबल सिटी ची लंडननामा. | ||
| 260 | _b"रोहन प्रकाशन,पुणे." | ||
| 260 | _c68568 | ||
| 300 | _a244 | ||
| 600 | _aमहाजन सुलक्षणा. | ||
| 630 | _aजडणघडण पहिल्या ‘ ग्लोबल सिटी ची लंडननामा. | ||
| 700 | _aमहाजन सुलक्षणा. | ||
| 730 | _aजडणघडण पहिल्या ‘ ग्लोबल सिटी ची लंडननामा. | ||
| 942 | _cBOOK | ||
| 999 |
_c1335078 _d1335075 |
||